[Event "CFriend MZ-2004-3-00002 email"]
[Site "Chessfriend.com"]
[Date "2004.08.28"]
[Round "1"]
[White "Burri, Peter"]
[Black "Weegenaar, Bertrand"]
[Result "1/2-1/2"]
[WhiteElo "2168"]
[BlackElo "2101"]
[PlyCount "50"]
[EventDate "2004.??.??"]
[EventType "tourn (corr)"]
[EventRounds "6"]
[SourceTitle "Corr 2024"]
[Source "ChessBase"]
[SourceDate "2023.10.19"]
[SourceVersion "1"]
[SourceVersionDate "2023.10.19"]
[SourceQuality "1"]

1. e4 e5 2. Nf3 Nc6 3. Bb5 a6 4. Ba4 Nf6 5. 0-0 Be7 6. Re1 b5 7. Bb3 0-0 8. a4 b4 9. d3 d6 10. c3 Rb8 11. Nbd2 Na5 12. Ba2 c6 13. d4 Qc7 14. Qc2 bxc3 15. bxc3 c5 16. dxe5 dxe5 17. Nc4 Nxc4 18. Bxc4 a5 19. Rb1 Rxb1 20. Qxb1 h6 21. Nh4 Rd8 22. Ng6 Bd6 23. Qc2 Qc6 24. Nh4 Bf8 25. Ng6 Bd6 1/2-1/2

[Event "CFriend MZ-2004-3-00002 email"]
[Site "Chessfriend.com"]
[Date "2004.08.28"]
[Round "1"]
[White "Weegenaar, Bertrand"]
[Black "Mondino, Victor Nilo"]
[Result "1/2-1/2"]
[WhiteElo "2101"]
[BlackElo "2161"]
[PlyCount "51"]
[EventDate "2004.??.??"]
[EventType "tourn (corr)"]
[EventRounds "6"]
[SourceTitle "Corr 2024"]
[Source "ChessBase"]
[SourceDate "2023.10.19"]
[SourceVersion "1"]
[SourceVersionDate "2023.10.19"]
[SourceQuality "1"]

1. e4 c5 2. Nf3 d6 3. d4 cxd4 4. Nxd4 Nf6 5. Nc3 e6 6. Bc4 Be7 7. Be3 0-0 8. Bb3 Na6 9. f4 Nc5 10. e5 dxe5 11. fxe5 Nfd7 12. Bf4 Nxb3 13. axb3 Qb6 14. Bg3 Bc5 15. Na4 Qa5+ 16. Nc3 Qc7 17. Ndb5 Qb6 18. Qe2 a6 19. Ne4 Be7 20. c3 f6 21. Nc7 Ra7 22. exf6 Nxf6 23. Nd2 a5 24. Nb5 Ra6 25. Nc7 Ra7 26. Nb5 1/2-1/2

[Event "CFriend MZ-2004-3-00002 email"]
[Site "Chessfriend.com"]
[Date "2004.08.28"]
[Round "1"]
[White "Weegenaar, Bertrand"]
[Black "Myers, David R"]
[Result "0-1"]
[WhiteElo "2101"]
[BlackElo "2406"]
[PlyCount "60"]
[EventDate "2004.??.??"]
[EventType "tourn (corr)"]
[EventRounds "6"]
[SourceTitle "Corr 2024"]
[Source "ChessBase"]
[SourceDate "2023.10.19"]
[SourceVersion "1"]
[SourceVersionDate "2023.10.19"]
[SourceQuality "1"]

1. e4 e6 2. d4 d5 3. Nc3 Bb4 4. e5 c5 5. a3 Ba5 6. b4 cxd4 7. Qg4 Ne7 8. bxa5 dxc3 9. Qxg7 Rg8 10. Qxh7 Nbc6 11. f4 Qxa5 12. Nf3 Bd7 13. Rb1 0-0-0 14. Qd3 d4 15. g3 Nf5 16. Bg2 Qc7 17. 0-0 Nce7 18. Ng5 Bc6 19. Bxc6 Nxc6 20. g4 Nfe7 21. h3 Nd5 22. a4 Ndb4 23. Qh7 Rgf8 24. Qe4 d3 25. cxd3 Rd4 26. Qe2 Rfd8 27. Be3 Rxd3 28. Ne4 c2 29. Rbc1 Na5 30. Nf2 Rc3 0-1